| 000 | 00444pab a2200181 454500 | ||
|---|---|---|---|
| 008 | 180718b2003 xxu||||| |||| 00| 0 eng d | ||
| 100 | _aPeek, Lori A. | ||
| 245 | _aAn exploratory comparison of disasters, riots and terrorist acts | ||
| 260 | _c2003 | ||
| 300 | _ap.319-35. | ||
| 362 | _aDec | ||
| 650 | _aTerrorism | ||
| 650 | _aRiots | ||
| 650 | _aDisasters | ||
| 700 | _aSultan, Jeannette N. | ||
| 773 | _aDisasters | ||
| 909 | _a59302 | ||
| 999 |
_c59302 _d59302 |
||